المسائل فى الطب للمتعلمين / (Record no. 5923)
[ view plain ]
| 000 -الفاتح | |
|---|---|
| حقل البيانات ثابتة الطول | 00965nac a22002051u 4500 |
| 008 - عناصر البيانات ثابتة الطول - معلومات عامة | |
| حقل البيانات ثابتة الطول | 101125t1978 xxu||||| |||| 00| 0 ara d |
| 082 ## - رقم تصنيف ديوى العشرى | |
| رقم التصنيف | 610 |
| رقم المادة | ا س ح |
| 245 ## - بيان العنوان | |
| العنوان | المسائل فى الطب للمتعلمين / |
| بيان المسئوليه,etc | حنين بن اسحق ؛ تحقيق ودراسة محمد على أبو ريان ، مرسى محمد عرب ، جلال محمد موسى |
| 260 ## - PUBLICATION, DISTRIBUTION, ETC. (IMPRINT) | |
| مكان الناشر او الموزع | القاهرة : |
| اسم الناشر او الموزع | دار الجامعات المصرية ،1978 |
| تاريخ النشر أو التوزيع | 1978. |
| 300 ## - الوصف المادى | |
| التعداد | 504, 24 ص ؛ |
| أبعاد الوعاء | 24 سم. |
| 504 ## - تبصرة ببليوجرافية | |
| تبصرة ببليوجرافية,الخ | يشتمل على ببليوجرافية ص 474-504 |
| 511 ## - | |
| -- | Catalogued by: Sara |
| 650 ## - المدخل الاضافى بالموضوع-مصطلح موضوعى | |
| مصطلح موضوعي أو اسم جغرافي كعنصر مدخل | الطب |
| 9 (RLIN) | 17287 |
| 650 ## - المدخل الاضافى بالموضوع-مصطلح موضوعى | |
| مصطلح موضوعي أو اسم جغرافي كعنصر مدخل | العلاج |
| 9 (RLIN) | 21703 |
| 650 ## - المدخل الاضافى بالموضوع-مصطلح موضوعى | |
| مصطلح موضوعي أو اسم جغرافي كعنصر مدخل | الأمراض ، علم |
| 9 (RLIN) | 21704 |
| 700 ## - المدخل الاضافى - اسم شخصى | |
| الإسم الشخصى | أبو ريان ، محمد على |
| 9 (RLIN) | 21287 |
| الدور | تحقيق ودراسة |
| 700 ## - المدخل الاضافى - اسم شخصى | |
| الإسم الشخصى | عرب ، مرسى محمد |
| 9 (RLIN) | 21288 |
| الدور | تحقيق ودراسة |
| 700 ## - المدخل الاضافى - اسم شخصى | |
| الإسم الشخصى | موسى ، جلال محمد |
| 9 (RLIN) | 21289 |
| الدور | تحقيق ودراسة |
| 942 ## - عناصر المدخل الإضافي( كوها) | |
| Koha [default] item type | Book - Borrowing |
| سابقة رقم الطلب | 610 ا س ح |
| مصدر التصنيف او مخطط الترفيف | Dewey Decimal Classification |
| حالة التراجع | حالة الفقد | مصدر التصنيف او خطة الترفيف | حالة تلف | ليس للاعارة | مجموعات كوها | المكان الدائم | المكان الحالي | موقع الترفيف | تاريخ الاكتساب | Source of acquisition | رقم الاستدعاء | الباركود | Date last seen | نوع الوعاء |
|---|---|---|---|---|---|---|---|---|---|---|---|---|---|---|
| Dewey Decimal Classification | Alef-Baa | Central Library | Central Library | First floor | 08/11/2007 | 610 ا س ح | 000007602 | 15/07/2025 | Book - Borrowing | |||||
| Dewey Decimal Classification | Alef-Baa | Central Library | Central Library | First floor | 08/01/2014 | 610 ا س ح | 000008654 | 15/07/2025 | Book - Borrowing |